00723cam a22002291 4500001001300000003000400013005001700017008004100034010001700075035001900092040005700111042001200168050002000180100004100200245010300241250003500344260003000379300004100409650001100450650001700461999001500478agr30001355 DLC20260227110950.0800701s1930 gw a 000 0 ger c aagr30001355  a(OCoLC)6475017 aLibrary, U.S. Dept. of AgriculturecTxCMdOCoLCdDLC apremarc00aS593b.M58 19301 aMitscherlich, Eilhard Alfred,d1874-14aDie bestimmung des düngerbedürfnisses des bodens.cVon dr. phil. Eilh. Alfred Mitscherlich ... adritte neubearbeitete auflage. aBerlin,bP. Parey,c1930. a119, [1] p.billus., diagrs.c23 cm. 0aSoils. 0aFertilizers. c9386d9386